| 000 | 00450nam a2200145Ia 4500 | ||
|---|---|---|---|
| 008 | 151021s9999 xx 000 0 und d | ||
| 020 | _a9.780803612e+012 | ||
| 050 | _aRT 84.5 .N8793 2005 | ||
| 245 | _a_Nursing theories &Nursing practice(2nd ed) Marilyn E.Parker | ||
| 260 | _aPhiladelphia F.A Davis company 2006 | ||
| 300 | _axxi,409p.;ill | ||
| 500 | _aIncludes index. | ||
| 650 | _a_Nursing philosiphy | ||
| 980 | _a^d20110712 10:50:20^oanne | ||
| 999 |
_c7837 _d7837 |
||